00000000nam 2200000zi 4500
0019.947340
003CaOODSP
00520250815152657
006m     o  d f      
007cr mn|||||||||
008250124t20242024pic     o    f000 0 eng d
020 |a9780660754116
040 |aCaOODSP|beng|erda|cCaOODSP
043 |an-cn---
0861 |aV32-401/2025E-PDF
24500|aAttitudes towards remembrance and Veterans' Week 2024 : |bfinal report / |cprepared for Veterans Affairs Canada.
264 1|a[Charlottetown, P.E.I.] : |bVeterans Affairs Canada = Anciens combattants Canada, |c2024.
264 4|c©2024
300 |a1 online resource (47 unnumbered pages)
336 |atext|btxt|2rdacontent
337 |acomputer|bc|2rdamedia
338 |aonline resource|bcr|2rdacarrier
500 |aCover title.
500 |a"December 2024."
500 |a"Supplier name: Nanos Research."
500 |a"Contract number: CW2378244."
500 |a"Registration number: POR 061-24."
500 |aIssued also in French under title: Attitudes à l'égard de la commémoration et de la Semaine des vétérans 2024 : rapport final.
520 |a"All Canadians report being aware of Remembrance Day (100%) which is consistent with the 2022 results (97%). Close to half of the respondents (47%) report awareness of Veterans' Week, a decline from 57% in 2022. Awareness of Veterans' Week has previously ranged from 54% to 58% since tracking began in 2012"--Key findings.
650 0|aRemembrance Day (Canada)|xPublic opinion.
650 0|aVeterans|zCanada|xPublic opinion.
650 0|aPublic opinion|zCanada.
7101 |aCanada. |bVeterans Affairs Canada, |eissuing body.
7102 |aNanos Research (Firm)‏, |eissuing body.
77508|tAttitudes à l'égard de la commémoration et de la Semaine des vétérans 2024 : |w(CaOODSP)9.947341
795 |tAttitudes towards remembrance and Veterans' Week 2022 : |w(CaOODSP)9.919776
85640|qPDF|s782 KB|uhttps://publications.gc.ca/collections/collection_2025/acc-vac/V32-401-2025-eng.pdf
8564 |qHTML|sN/A|uhttps://epe.bac-lac.gc.ca/100/200/301/pwgsc-tpsgc/por-ef/veterans_affairs_canada/2024/061-24-e/061-24-report.html